000 00425nam a2200157Ia 4500
003 GCL
008 140319s9999 xx 000 0 ara d
040 _aGCL /
_cGCL
082 0 4 _aط
_b813.087
_bز ح
100 1 _aزكريا تامر
245 1 0 _aحروب الارانب /
_cزكريا تامر
490 _aالطائر الاخضر
_v0
650 0 4 _aالاطفال
650 0 4 _aقصص الاطفال
942 _2ddc
_cBK
999 _c46495
_d46495